Statistics for Hindi Vocab - Colors

Click here to take the quiz!

General Stats

  • This quiz has been taken 311 times
  • The average score is 6 of 7

Answer Stats

Hint Answer % Correct
लालred
95%
सफ़ेद (safed)white
89%
हराgreen
87%
नीलाblue
86%
पीलाyellow
84%
गुलाबीpink
75%
जामुनीpurple
66%

Score Distribution

Percentile by Number Answered

Percent of People with Each Score

Your Score History

You have not taken this quiz